[Event "DEN-chT26 B2 corr"]
[Site "Denmark"]
[Date "2001.??.??"]
[Round "?"]
[White "Larsen, Torben Scholler"]
[Black "Winther, Christian"]
[Result "0-1"]
[WhiteElo "1960"]
[BlackElo "1900"]
[PlyCount "48"]
[EventDate "2001.03.12"]
[EventType "team (corr)"]
[EventRounds "6"]
[EventCountry "DEN"]
[SourceTitle "Corr 2004"]
[Source "ChessBase"]
[SourceDate "2003.04.28"]
[SourceVersion "3"]
[SourceVersionDate "2003.04.28"]
[SourceQuality "1"]

1. g3 Nf6 2. Bg2 d5 3. c4 d4 4. b4 e5 5. b5 a6 6. d3 axb5 7. cxb5 c6 8. bxc6 Nxc6 9. Nd2 Bb4 10. a3 Bc3 11. Rb1 0-0 12. Ngf3 e4 13. dxe4 Nxe4 14. 0-0 Nd6 15. e4 dxe3 16. fxe3 Qe7 17. Qe2 Bf5 18. Rb3 Bf6 19. e4 Nxe4 20. Nxe4 Bxe4 21. Rxb7 Qxb7 22. Qxe4 Rfe8 23. Qc4 Rac8 24. Qd3 Qa7+ 0-1

[Event "DEN-chT26 B2 corr"]
[Site "Denmark"]
[Date "2001.??.??"]
[Round "?"]
[White "Poulsen, Eddie Grosboll"]
[Black "Larsen, Torben Scholler"]
[Result "1/2-1/2"]
[WhiteElo "2023"]
[BlackElo "1960"]
[PlyCount "68"]
[EventDate "2001.03.12"]
[EventType "team (corr)"]
[EventRounds "6"]
[EventCountry "DEN"]
[SourceTitle "Corr 2004"]
[Source "ChessBase"]
[SourceDate "2003.04.28"]
[SourceVersion "3"]
[SourceVersionDate "2003.04.28"]
[SourceQuality "1"]

1. d4 g6 2. e4 Bg7 3. Nc3 c5 4. dxc5 Bxc3+ 5. bxc3 Qa5 6. Nf3 Qxc3+ 7. Bd2 Qxc5 8. Bd3 d6 9. 0-0 Nf6 10. Rb1 0-0 11. Re1 Nbd7 12. Qe2 Ne5 13. Nxe5 dxe5 14. a4 Qc7 15. a5 Be6 16. Rb2 Nd7 17. Reb1 Rab8 18. Be3 b6 19. axb6 axb6 20. f3 Nc5 21. Qf2 Nxd3 22. cxd3 Qd7 23. Rxb6 Rxb6 24. Rxb6 Qxd3 25. Qd2 Qa3 26. Qc1 Qa4 27. Qb2 Qd1+ 28. Kf2 Rc8 29. Rb8 f6 30. Rxc8+ Bxc8 31. Qd2 Qxd2+ 32. Bxd2 Kf7 33. Ke3 f5 34. g3 Ke6 1/2-1/2